Score 0/30 Timer 10:00
0 Plays Today
Synopsis Show % Correct
Busted for shoplifting, Bart manages to keep the incident quiet---until he returns to the store for the family Christmas portrait. And the news is devastating to Marge.The Simpsons
95.4%
Ross plans Hanukkah fun for son Ben, who has more interest in Christmas. Phoebe stirs up tension between Joey and Rachel. Chandler lacks finesse in tipping restaurant waitstaff.Friends
94.4%
Kramer returns to work after his 12-year strike is settled. George gives holiday gifts in his co-workers' names to a fraudulent charity.Seinfeld
89.8%
Brian and Stewie have a thing or two to teach Santa Claus about holiday cheer after the jolly old elf gives them the brush-off at the Quahog Mall. Family Guy
89.7%
Christmas brings no tidings of comfort and joy to Leonard, whose colleague starts dating Penny. Sheldon drives everyone crazy over his adherence to gift-giving etiquette.The Big Bang Theory
87.1%
Ray gives Debra cookware for Christmas with an ulterior motive in mind. But when she gives him an expensive gift, he suspects she's up to something. Everybody Loves Raymond
85.3%
Ted almost ruins Christmas for everyone when, still carrying around anger toward Lily, he calls her a horribly disgusting name.How I Met Your Mother
83.2%
The party-planning committee feuds, resulting in two rival Christmas bashes; Michael gets dumped by his girlfriend for the holidays.The Office
83%
At Yuletide, J.D. videotapes a baby's birth. Turk sees an onslaught of patients in a scene set to a macrabe choral reworking of “The Twelve Days of Christmas.”Scrubs
76.5%
On the eve of “Xmas,” Fry and Leela flee the robotic Santa, who kills those he deems naughty; Bender volunteers at a mission for homeless robots.Futurama
75.8%
At Yuletide, the brothers Crane wrangle over who'll host holiday festivities; and Roz cozies up to a department-store Santa.Frasier
73.9%
Phil and Claire promise a blue Christmas to their kids unless they come clean about a recent transgression. Mitchell and Cameron take Lily for her first picture with Santa. Modern Family
73.6%
The Tanners are dreaming of Christmas in Colorado, but their mood turns blue when they get snowed in at an airport en route.Full House
73.4%
Because he's Jewish, Kyle is denied involvement in the Nativity play and excluded from trips to see Santa. Mr. Hankey visits Kyle.South Park
73%
A blizzard freezes plans for Christmas Eve at the Cunninghams'.Happy Days
67.9%
Synopsis Show % Correct
The spirit of Christmas manifests itself at the 4077th, beginning with a potluck party for the orphans. B.J. is determined not to let a mortally wounded soldier die on Christmas.M*A*S*H
66.4%
An innocent meeting with a disgraced councilman lands Leslie at the center of a sex scandal, disrupting her plans for the Pawnee Winter Wonderland Festival.Parks and Recreation
65.9%
It's Christmas, but Archie's not feeling festive because an error on the job resulted in his losing a bonus. All in the Family
65.3%
When her parents ditch her during the holidays, Liz devotes herself to a charity program. Jack's holiday plans are scratched, and he takes out his frustrations on the crew. 30 Rock
63.9%
On a family ski trip, the Banks find that they must come up with Christmas gifts from the heart after their belongings are stolen.Fresh Prince of Bel-Air
63.1%
Dickens' 'A Christmas Carol' inspires this episode featuring Alex as the Keaton Scrooge. Family Ties
61.3%
The trio accept the Roper's invitation to a Christmas party, but are then asked to one they'd rather attend.Three's Company
60.2%
Gob brings animosity to the company Christmas party, where Lindsay hunts for men, and Maeby and Michael embarrass themselves at karaoke.Arrested Development
52.7%
Alan starts dating a Martha Stewart-like perfectionist who takes command of the house during the holidays.Two and a Half Men
51.1%
Abed goes on a quest to find the meaning of Christmas after he awakens in stop-motion animation. A worried Jeff and Britta seek help from Professor Duncan.Community
50.2%
The gang attends Schmidt's holiday office party and Jess frets when she receives an expensive gift from Paul.New Girl
48%
Frankie wants a part-time job at a department store so she can get a discount on Christmas presents. Brick is cast in a holiday play at church.The Middle
39.1%
Larry's holiday spirit is Scrooge-like when it comes to tipping, and later he makes an unholy mess of a nativity scene set up by Cheryl's parents.Curb Your Enthusiasm
37.1%
The staffers are miffed when Jimmy responds to their thoughtful gift with cheap presents.NewsRadio
13.9%
Coach Cutlip's workouts nearly crush holiday spirits, but there's magic when he moonlights as a store Santa. The Wonder Years
9.3%
Remove Ads.
Support Sporcle.
Get the best of Sporcle when you Go Orange. This ad-free experience offers more features, more stats, and more fun while also helping to support Sporcle. Thank you for becoming a member.

You're not logged in!

Compare scores with friends on all Sporcle quizzes.
OR
Log In

Show Comments

Extras

Top Quizzes Today


Score Distribution

Your Account Isn't Verified!

In order to create a playlist on Sporcle, you need to verify the email address you used during registration. Go to your Sporcle Settings to finish the process.

Report this User

Report this user for behavior that violates our Community Guidelines.

Details: